000
00260nam a22001097a 4500
008
170110b xxu||||| |||| 00| 0 eng d
020
_a
9780781757928
041
_a
eng
080
_a
618.2
245
_a
STEP-UP TO USMLE STEP 2
_c
CAN KLEUNEN, J.P
942
_2
udc
_c
BK
999
_c
2661
_d
2661